[Event "Llinars del Valles op 11th B"]
[Site "Llinars del Valles"]
[Date "2017.04.22"]
[Round "1.21"]
[White "Lobo Pereira, Arami"]
[Black "Sentis Baena, Samuel"]
[Result "0-1"]
[WhiteElo "1174"]
[BlackElo "1577"]
[PlyCount "118"]
[EventDate "2017.04.22"]
[EventType "swiss"]
[EventRounds "9"]
[EventCountry "ESP"]
[SourceTitle "EXT 2024"]
[Source "ChessBase"]
[SourceDate "2023.10.10"]
[SourceVersion "1"]
[SourceVersionDate "2023.10.10"]
[SourceQuality "1"]

1. d4 d5 2. c4 c6 3. Nc3 Nf6 4. e3 e6 5. a3 Be7 6. Nf3 Nbd7 7. Bd3 dxc4 8. Bxc4 Nb6 9. Bd3 0-0 10. 0-0 Bd6 11. e4 Bc7 12. Bg5 h6 13. Bh4 Qd7 14. Bxf6 gxf6 15. Ne2 e5 16. Qd2 Kh7 17. dxe5 Bxe5 18. Nxe5 fxe5 19. Ng3 Qg4 20. f4 Be6 21. fxe5 Rad8 22. Nf5 Bxf5 23. exf5 Qd4+ 24. Kh1 Qxd3 25. Qf2 Qd2 26. Qg3 Qg5 27. Qf3 Nd5 28. f6 Qxe5 29. Qd3+ Kh8 30. Rae1 Qg5 31. Qf3 Rfe8 32. Rb1 Re3 33. Qf2 Rde8 34. Rbd1 Re2 35. Qg3 Qxg3 36. hxg3 Ne3 37. Kh2 Rxg2+ 38. Kh3 Nxf1 39. Rxf1 Rxb2 40. Rg1 Rf2 41. Kg4 Rxf6 42. Kh3 c5 43. Rc1 Rc6 44. g4 c4 45. Kh4 c3 46. Kh5 c2 47. Kh4 Rd8 48. g5 Rd1 49. Rxd1 cxd1Q 50. gxh6 Rxh6+ 51. Kg3 Qg1+ 52. Kf3 Rf6+ 53. Ke4 Qe1+ 54. Kd4 Rd6+ 55. Kc4 Qc1+ 56. Kb4 Rb6+ 57. Ka4 Qc4+ 58. Ka5 Qc5+ 59. Ka4 Qb5# 0-1

[Event "Roncana op-B 9th"]
[Site "Santa Eulalia de Roncana"]
[Date "2015.10.03"]
[Round "1"]
[White "Sentis Baena, Samuel"]
[Black "Valls Matheu, Albert"]
[Result "1-0"]
[WhiteElo "1783"]
[BlackElo "1630"]
[PlyCount "110"]
[EventDate "2015.10.03"]
[EventType "swiss"]
[EventRounds "8"]
[EventCountry "ESP"]
[SourceTitle "EXT 2017"]
[Source "ChessBase"]
[SourceDate "2016.10.25"]
[SourceVersion "1"]
[SourceVersionDate "2016.10.25"]
[SourceQuality "1"]

1. e4 e5 2. Nf3 Nc6 3. Bc4 Bc5 4. 0-0 Nf6 5. Nc3 a6 6. d3 h6 7. Be3 d6 8. h3 b5 9. Bd5 Bd7 10. a3 0-0 11. Bxc6 Bxc6 12. Nxe5 Bb7 13. Ng4 d5 14. Bxc5 Re8 15. Nxf6+ Qxf6 16. Nxd5 Qe5 17. f4 Qxb2 18. Rb1 Qa2 19. Qe2 Bxd5 20. Ra1 Qb2 21. Qd2 Bb3 22. Rac1 Rad8 23. Rf2 Rxe4 24. cxb3 Qxd2 25. Rxd2 Rde8 26. Bf2 Rxf4 27. Rxc7 Re6 28. Rc8+ Kh7 29. d4 Rg6 30. d5 Rf3 31. d6 Rxf2 32. Kxf2 Rf6+ 33. Kg1 Rxd6 34. Rxd6 g6 35. Rc7 Kg7 36. Rdd7 Kf6 37. Rxf7+ Kg5 38. g3 h5 39. h4+ Kg4 40. Rf4+ Kh3 41. Rc3 a5 42. g4+ Kxh4 43. gxh5+ Kxh5 44. Rc6 Kg5 45. Rff6 b4 46. Rxg6+ Kf5 47. Rgd6 Ke5 48. Rh6 Kd5 49. axb4 axb4 50. Rc4 Ke5 51. Rh5+ Kd6 52. Rg4 Ke7 53. Rg6 Kf7 54. Ra6 Kg7 55. Rb5 Kf8 1-0